01782nam a2200457 i 4500001001400000003000800014007001500022008004100037006001900078035002200097040003100119020002500150020002900175024003100204043001200235050001900247100003500266245008700301264005600388300002300444336002600467337002600493338003600519347002100555347000800576490001600584504004100600588008600641651004600727651006200773651005600835791003600891793004800927776012900975830001101104856007301115910002901188942000801217952008001225999001901305DIGFLACEC0033NyNyDIGcr |||||||||||230920s2022 ec ob 000 0 spa dm o d  a(OCoLC)1399543082 aDGITAbengerdaepncDGITA a9789978676196q(pdf) z9789978676165q(impreso)7 a10.46546/2022-33atrio2doi as-bo---14aF3341.P7 ebook1 aFlores Castro, Franz,eauthor.13aEl esplendor inútil :bPotosí ante el Estado boliviano /cFranz Flores Castro. 1aQuito, Ecuador :bEditorial FLACSO Ecuador,c[2022] a1 online resource. atextbtxt2rdacontent acomputerbc2rdamedia aonline resourcebcr2rdacarrier atext file2rdaft bPDF1 aSerie Atrio aIncludes bibliographical references.0 aOnline resource; title from PDF title page (Digitalia, viewed September 20, 2023) 0aPotosí (Bolivia : Department)xHistory. 0aPotosí (Bolivia : Department)xPolitics and government. 0aPotosí (Bolivia : Department)xSocial conditions.2 aDigitalia (Firm),edistributor.0 gDigitalia eBook Collection:aFLACSO Ecuador08iPrint version:aFlores Castro, Franz.tEsplendor inútil.dQuito, Ecuador : Editorial FLACSO Ecuador, [2022]z9789978676165 0aAtrio.403Digitalia Hispánicauhttps://www.digitaliapublishing.com/a/127622/ aPremium collection: 2023 cRAA 001040708DEHaBD-UINbBD-UINd2025-04-25l0r2025-04-25w2025-04-25yRAA c278780d278780